[Event "Asian Continental op 09th"]
[Site "Olongapo City"]
[Date "2010.04.25"]
[Round "5"]
[White "Ginting, Nasib"]
[Black "Yee, Soon Wei"]
[Result "1/2-1/2"]
[WhiteElo "2397"]
[BlackElo "2209"]
[PlyCount "77"]
[EventDate "2010.04.21"]
[EventType "swiss"]
[EventRounds "9"]
[EventCountry "PHI"]
[SourceTitle "CBM 136 Extra"]
[Source "ChessBase"]
[SourceDate "2010.07.02"]
[SourceVersion "2"]
[SourceVersionDate "2010.07.15"]
[SourceQuality "1"]

1. d4 d5 2. c4 c6 3. Nf3 Nf6 4. Qc2 dxc4 5. Qxc4 Bf5 6. g3 e6 7. Bg2 Be7 8. 0-0 0-0 9. Nc3 Nbd7 10. Re1 Ne4 11. Qb3 Qb6 12. Nh4 Bxh4 13. gxh4 Ndf6 14. f3 Nxc3 15. bxc3 Qc7 16. e4 Bg6 17. Be3 Rad8 18. Rab1 Rd7 19. Qa3 Qb8 20. Qc1 Nh5 21. Rb2 f5 22. Bh3 Qe8 23. d5 e5 24. dxc6 bxc6 25. Qb1 Qe7 26. exf5 Qxh4 27. Bg4 Bxf5 28. Bxf5 Rxf5 29. Qxf5 Qxe1+ 30. Kg2 Rd8 31. Qxh5 Qxe3 32. Qh4 Rf8 33. Qc4+ Kh8 34. Qxc6 Qg5+ 35. Kf2 Qh4+ 36. Kg2 Qg5+ 37. Kf2 Qh4+ 38. Kg2 Qg5+ 39. Kf2 1/2-1/2

[Event "Asian Continental op 09th"]
[Site "Olongapo City"]
[Date "2010.04.24"]
[Round "4"]
[White "Adhiban, Baskaran"]
[Black "Ginting, Nasib"]
[Result "1-0"]
[WhiteElo "2510"]
[BlackElo "2397"]
[PlyCount "87"]
[EventDate "2010.04.21"]
[EventType "swiss"]
[EventRounds "9"]
[EventCountry "PHI"]
[SourceTitle "CBM 136 Extra"]
[Source "ChessBase"]
[SourceDate "2010.07.02"]
[SourceVersion "2"]
[SourceVersionDate "2010.07.15"]
[SourceQuality "1"]

1. e4 c5 2. Nf3 d6 3. d4 cxd4 4. Nxd4 Nf6 5. Nc3 Nc6 6. Bg5 e6 7. Qd2 Be7 8. 0-0-0 Nxd4 9. Qxd4 0-0 10. f3 a6 11. h4 b5 12. Kb1 Qa5 13. Qd2 b4 14. Ne2 e5 15. c4 Be6 16. Ng3 Rfd8 17. Bd3 Qc5 18. Nf1 Rd7 19. Ne3 Ne8 20. Nd5 Bxd5 21. exd5 a5 22. Be3 Qc7 23. g4 Qd8 24. g5 Bf8 25. h5 Rb8 26. g6 h6 27. Bf5 Rc7 28. gxf7+ Kxf7 29. Be6+ Ke7 30. Qd3 Nf6 31. c5 Rxc5 32. Bxc5 dxc5 33. Rhe1 Qd6 34. Qf5 c4 35. Qxe5 Qxe5 36. Rxe5 Kd6 37. f4 Rb5 38. Bh3 Rc5 39. Re6+ Kc7 40. d6+ Kd8 41. d7 c3 42. bxc3 bxc3 43. Kc2 Rxh5 44. Rc6 1-0

[Event "ASEAN Circuit GM-A"]
[Site "Tarakan"]
[Date "2008.01.16"]
[Round "8"]
[White "So, Wesley"]
[Black "Ginting, Nasib"]
[Result "1-0"]
[WhiteElo "2526"]
[BlackElo "2393"]
[PlyCount "73"]
[EventDate "2008.01.08"]
[EventType "tourn"]
[EventRounds "11"]
[EventCountry "INA"]
[EventCategory "8"]
[SourceTitle "CBM 122 Extra"]
[Source "ChessBase"]
[SourceDate "2008.03.04"]
[SourceVersion "1"]
[SourceVersionDate "2008.03.04"]
[SourceQuality "1"]

1. e4 c5 2. Nf3 d6 3. d4 cxd4 4. Nxd4 Nf6 5. Nc3 Nc6 6. Bg5 e6 7. Qd2 Be7 8. 0-0-0 Nxd4 9. Qxd4 0-0 10. f4 Qa5 11. h4 Rd8 12. Qe3 h6 13. Be2 Bd7 14. Qg3 Kh8 15. e5 dxe5 16. fxe5 Ng8 17. Qf4 Be8 18. Bd3 f6 19. exf6 Bxf6 20. Bxf6 Nxf6 21. g4 e5 22. Qf1 Bc6 23. g5 Ng8 24. Rg1 e4 25. gxh6 Nxh6 26. Qg2 Nf5 27. Bxe4 Rxd1+ 28. Rxd1 Ne3 29. Qg6 Bxe4 30. Nxe4 Rc8 31. c3 Nxd1 32. Ng5 Rxc3+ 33. Kb1 Rc1+ 34. Kxc1 Qc5+ 35. Kb1 Nc3+ 36. bxc3 Qb5+ 37. Ka1 1-0

[Event "ASEAN Circuit GM-A"]
[Site "Tarakan"]
[Date "2008.01.12"]
[Round "5"]
[White "Ginting, Nasib"]
[Black "Torre, Eugenio"]
[Result "1-0"]
[WhiteElo "2393"]
[BlackElo "2519"]
[PlyCount "143"]
[EventDate "2008.01.08"]
[EventType "tourn"]
[EventRounds "11"]
[EventCountry "INA"]
[EventCategory "8"]
[SourceTitle "CBM 122 Extra"]
[Source "ChessBase"]
[SourceDate "2008.03.04"]
[SourceVersion "1"]
[SourceVersionDate "2008.03.04"]
[SourceQuality "1"]

1. Nf3 d6 2. d4 Nf6 3. g3 Nbd7 4. c4 e5 5. Nc3 c6 6. Bg2 Be7 7. 0-0 0-0 8. e4 Re8 9. h3 Bf8 10. Re1 a6 11. d5 a5 12. Be3 Qc7 13. Nd2 Nc5 14. Nb3 Nfd7 15. Nxc5 Nxc5 16. a3 Bd7 17. Qc2 Na6 18. Rab1 c5 19. Kh2 g6 20. Re2 Bg7 21. Rbe1 Qd8 22. h4 Nc7 23. Bh3 Bxh3 24. Kxh3 b5 25. cxb5 Nxb5 26. Nxb5 Qd7+ 27. Kg2 Qxb5 28. a4 Qd7 29. h5 Reb8 30. hxg6 hxg6 31. Bd2 Qb7 32. Bc3 Qa6 33. Rh1 Qc4 34. Ra1 Rb7 35. Ree1 f5 36. Qe2 Qxe2 37. Rxe2 Kf7 38. Rh1 Rbb8 39. Ree1 Rh8 40. Rxh8 Bxh8 41. Kf3 Bf6 42. Rh1 Kg7 43. g4 fxe4+ 44. Kxe4 c4 45. Bd2 Rb8 46. Rb1 Bd8 47. Bc3 Bg5 48. Kf3 Rf8+ 49. Ke2 Bd8 50. f3 Rf4 51. Kf2 g5 52. Kg3 Kg6 53. Re1 Bb6 54. Re2 Rf8 55. Rc2 Rc8 56. Be1 Rc7 57. Kg2 Kg7 58. Kf1 Kf6 59. Ke2 Ke7 60. b3 cxb3 61. Rxc7+ Bxc7 62. Kd3 Kf6 63. Bg3 Bb6 64. Kc3 Be3 65. Kxb3 Bf4 66. Be1 e4 67. fxe4 Ke5 68. Bxa5 Kxe4 69. Kc4 Kf3 70. Bc7 Kxg4 71. a5 Be3 72. Bb6 1-0

[Event "Kuala Lumpur op 4th"]
[Site "Kuala Lumpur"]
[Date "2007.08.25"]
[Round "9"]
[White "Ginting, Nasib"]
[Black "Dimakiling, Oliver"]
[Result "1-0"]
[WhiteElo "2393"]
[BlackElo "2500"]
[PlyCount "68"]
[EventDate "2007.08.20"]
[EventType "swiss"]
[EventRounds "11"]
[EventCountry "MAS"]
[SourceTitle "CBM 120 Extra"]
[Source "ChessBase"]
[SourceDate "2007.11.01"]
[SourceVersion "1"]
[SourceVersionDate "2007.11.01"]
[SourceQuality "1"]

1. Nf3 Nf6 2. c4 d5 3. d4 c6 4. Nc3 g6 5. cxd5 Nxd5 6. e4 Nb6 7. Be2 Bg7 8. 0-0 0-0 9. h3 Be6 10. Bf4 h6 11. Be5 f6 12. Bf4 N8d7 13. Qc1 g5 14. Bg3 Bf7 15. Qc2 e5 16. Rfd1 Qe7 17. b3 Bg6 18. Rac1 Rae8 19. d5 f5 20. dxc6 bxc6 21. exf5 Bxf5 22. Ne4 c5 23. Nfd2 Kh8 24. Nc4 Nf6 25. Ncd6 Bg6 26. Bd3 Rd8 27. Nxf6 Bxd3 28. Rxd3 Rxf6 29. Nf5 Rxf5 30. Rxd8+ Qxd8 31. Qxf5 Qd5 32. Qc2 Nd7 33. Rd1 Qe6 34. Qe4 Qe7 1-0

[Event "Kuala Lumpur op 4th"]
[Site "Kuala Lumpur"]
[Date "2007.08.21"]
[Round "4"]
[White "Ginting, Nasib"]
[Black "Wang, Rui"]
[Result "0-1"]
[WhiteElo "2393"]
[BlackElo "2482"]
[PlyCount "144"]
[EventDate "2007.08.20"]
[EventType "swiss"]
[EventRounds "11"]
[EventCountry "MAS"]
[SourceTitle "CBM 120 Extra"]
[Source "ChessBase"]
[SourceDate "2007.11.01"]
[SourceVersion "1"]
[SourceVersionDate "2007.11.01"]
[SourceQuality "1"]

1. Nf3 Nf6 2. c4 c6 3. d4 d5 4. Nc3 dxc4 5. a4 Bf5 6. Ne5 Nbd7 7. Nxc4 Nb6 8. Ne5 a5 9. g3 e6 10. Bg2 Bb4 11. 0-0 0-0 12. e3 h6 13. Qe2 Bh7 14. Rd1 Nfd7 15. Nxd7 Nxd7 16. e4 Qe7 17. Be3 Rfd8 18. Na2 Bd6 19. Nc3 Rac8 20. f4 f6 21. Kh1 Bc7 22. Bg1 Re8 23. Qc4 Kh8 24. Qb3 Qb4 25. Qc2 Bb6 26. Rd2 Qf8 27. Qb3 Rb8 28. Qd1 Bg8 29. g4 Bc7 30. Be3 Bd6 31. g5 f5 32. gxh6 gxh6 33. e5 Bb4 34. Qh5 Bf7 35. Qh3 Qg7 36. Bf3 Rg8 37. Bf2 Be7 38. Bh4 Bxh4 39. Qxh4 Kh7 40. Rg2 Qf8 41. Rag1 Rxg2 42. Rxg2 Qd8 43. Qh3 Nf8 44. Qg3 Ng6 45. Bh5 Qg8 46. Ne2 Qg7 47. Qc3 Qf8 48. Bxg6+ Bxg6 49. Qxa5 Qd8 50. Qc5 Bh5 51. Ng1 Qd7 52. a5 Bd1 53. h3 Bb3 54. Kh2 Bd5 55. Rg3 Qf7 56. Ne2 Rg8 57. Rxg8 Kxg8 58. Ng3 h5 59. Qd6 Qe8 60. h4 Kh8 61. Nf1 Qa8 62. b4 Qa6 63. Qf8+ Kh7 64. Qf7+ Kh6 65. Qf8+ Kh7 66. Qe7+ Kg6 67. Qe8+ Kh7 68. Qxh5+ Kg7 69. Qg5+ Kf8 70. Ng3 Qd3 71. Qh6+ Ke7 72. Qg7+ Ke8 0-1

[Event "Kuala Lumpur op 3rd"]
[Site "Kuala Lumpur"]
[Date "2006.08.23"]
[Round "6"]
[White "Rahman, Ziaur"]
[Black "Ginting, Nasib"]
[Result "1/2-1/2"]
[WhiteElo "2534"]
[BlackElo "2397"]
[PlyCount "124"]
[EventDate "2006.08.21"]
[EventType "swiss"]
[EventRounds "11"]
[EventCountry "MAS"]
[SourceTitle "CBM 114 Extra"]
[Source "ChessBase"]
[SourceDate "2006.11.03"]
[SourceVersion "1"]
[SourceVersionDate "2006.11.03"]
[SourceQuality "1"]

1. Nf3 d6 2. d4 g6 3. g3 Bg7 4. Bg2 Nd7 5. c4 e5 6. Nc3 Ne7 7. 0-0 0-0 8. e4 exd4 9. Nxd4 Nc6 10. Nce2 Nb6 11. Nxc6 bxc6 12. Qc2 Ba6 13. c5 dxc5 14. Rd1 Qe7 15. h4 Rab8 16. Rb1 Qe6 17. b3 Bxe2 18. Qxe2 Nd5 19. Bb2 Nc3 20. Bxc3 Bxc3 21. f4 Bd4+ 22. Kh2 Kh8 23. Rbc1 f6 24. Rc4 g5 25. Bh3 Qd6 26. Rf1 gxf4 27. gxf4 Rg8 28. Qh5 Rg7 29. Rc2 Rbg8 30. Rg2 Rxg2+ 31. Bxg2 Be3 32. Qf5 Rg6 33. Kh1 Qd2 34. Bh3 Bd4 35. h5 Rg7 36. e5 Qe3 37. Bg2 Qe2 38. Bh3 Bf2 39. Bg2 Bh4 40. Rg1 Qg4 41. Qxg4 Rxg4 42. Bxc6 Rxg1+ 43. Kxg1 fxe5 44. fxe5 Kg7 45. Kg2 Kf7 46. Kf3 Ke6 47. Ke4 h6 48. Bd5+ Ke7 49. Bc4 c6 50. Kf5 Bg5 51. Bd3 a5 52. Be2 Bc1 53. Bf3 c4 54. bxc4 c5 55. Ke4 Ba3 56. Kd5 Bb4 57. Bg4 Bc3 58. Kxc5 Bxe5 59. Kb6 a4 60. c5 a3 61. Kc6 Kd8 62. Kd5 Bf4 1/2-1/2

[Event "Kuala Lumpur op 3rd"]
[Site "Kuala Lumpur"]
[Date "2006.08.21"]
[Round "1"]
[White "Bennett, Hilton Petrie"]
[Black "Ginting, Nasib"]
[Result "0-1"]
[WhiteElo "2093"]
[BlackElo "2397"]
[PlyCount "62"]
[EventDate "2006.08.21"]
[EventType "swiss"]
[EventRounds "11"]
[EventCountry "MAS"]
[SourceTitle "CBM 114 Extra"]
[Source "ChessBase"]
[SourceDate "2006.11.03"]
[SourceVersion "1"]
[SourceVersionDate "2006.11.03"]
[SourceQuality "1"]

1. e4 c5 2. Nc3 d6 3. f4 Nc6 4. Nf3 g6 5. Bc4 Bg7 6. 0-0 e6 7. d3 Nge7 8. Bb3 0-0 9. Qe1 Na5 10. f5 Nxb3 11. axb3 exf5 12. Qh4 Nc6 13. exf5 Bxf5 14. Bg5 f6 15. Bd2 Qd7 16. Qg3 Nb4 17. Rac1 b6 18. h4 d5 19. h5 g5 20. Nh2 h6 21. Ne2 Nc6 22. Rce1 Be6 23. Qf2 f5 24. Bc3 d4 25. Bd2 f4 26. Kh1 Ne7 27. b4 Nd5 28. bxc5 bxc5 29. Ra1 Ne3 30. Rfc1 Bd5 31. Bxe3 fxe3 0-1

[Event "Jakarta op"]
[Site "Jakarta"]
[Date "1997.??.??"]
[Round "?"]
[White "Ginting, Nasib"]
[Black "Korneev, Oleg"]
[Result "0-1"]
[WhiteElo "2420"]
[BlackElo "2590"]
[PlyCount "48"]
[EventDate "1997.??.??"]
[EventType "swiss"]
[EventRounds "9"]
[EventCountry "INA"]
[SourceTitle "EXT 2000"]
[Source "ChessBase"]
[SourceDate "1999.11.16"]
[SourceVersion "1"]
[SourceVersionDate "1999.11.16"]
[SourceQuality "1"]

1. Nf3 d5 2. d4 Nf6 3. c4 e6 4. g3 dxc4 5. Bg2 a6 6. 0-0 Nc6 7. e3 Bd7 8. Qe2 b5 9. Rd1 Be7 10. b3 cxb3 11. axb3 0-0 12. Nc3 b4 13. Ne5 Nxe5 14. dxe5 Ra7 15. exf6 Bxf6 16. Qd3 Bxc3 17. Ra2 c5 18. Bc6 Qb6 19. Bxd7 Rd8 20. Bb2 Raxd7 21. Qxd7 Rxd7 22. Rxd7 h5 23. Rd1 c4 24. Bxc3 cxb3 0-1